000 00495nam a2200181Ia 4500
008 140306s9999 xx 000 0 und d
020 _a8176490075
041 _aeng
082 _a658.3
_bPHI/IN
100 _aPhilip, Burnard
245 _aInterpresonal skills training : a source book of activities for trainers
260 _aLondon
_bKogan Page Limited
_c1999
300 _a358
365 _bRs.195
650 _aCounselling skills
650 _aTraining activities
942 _2ddc
_cBK
999 _c185492
_d185492